Countries with 8 or more borders - Statistics

General Stats
  • This quiz has been taken 33 times
  • The average score is 9 of 12
Answer Stats
Hint (# of bordering countries) Answer % Correct
10 Brazil
97%
11 France
97%
14 Russia
97%
11 China
93%
9 Democratic Republic of the Congo
90%
9 Germany
87%
8 Saudi arabia
73%
8 Serbia
63%
8 Austria
57%
8 Turkey
50%
8 Tanzania
47%
8 Zambia
47%
No matching quizzes found
Score Distribution
Percent of People with Each Score
Percentile by Number Answered
Your Score History
You have not taken this quiz